[Event "Regionalliga NW 9899"]
[Site "Bayern"]
[Date "1999.??.??"]
[Round "6.2"]
[White "Neubert, Marcus"]
[Black "Bucka, Reinhard"]
[Result "0-1"]
[WhiteElo "1965"]
[BlackElo "2135"]
[PlyCount "144"]
[EventDate "1998.??.??"]
[EventType "team-tourn"]
[EventRounds "9"]
[EventCountry "GER"]
[SourceTitle "EXT 2020"]
[Source "ChessBase"]
[SourceDate "2019.10.17"]
[SourceVersion "1"]
[SourceVersionDate "2019.10.17"]
[SourceQuality "1"]
[WhiteTeam "Schweinfurt Fr"]
[BlackTeam "Bamberg SC III"]
[WhiteTeamCountry "GER"]
[BlackTeamCountry "GER"]

1. Nf3 Nf6 2. c4 c5 3. Nc3 g6 4. g3 Bg7 5. Bg2 0-0 6. 0-0 d5 7. cxd5 Nxd5 8. Ne1 Nxc3 9. bxc3 Bxc3 10. Rb1 Nc6 11. Bxc6 bxc6 12. Qc2 Bd4 13. e3 Bf5 14. d3 Bf6 15. Ba3 Qa5 16. Bxc5 Rab8 17. Rb3 Rxb3 18. axb3 Rd8 19. e4 Be6 20. b4 Qb5 21. Bxa7 Bh3 22. Ng2 Rxd3 23. Bc5 Rc3 24. Qd2 Qd3 25. Qxd3 Rxd3 26. Rb1 Bg4 27. h3 Bc8 28. Nf4 Rd7 29. b5 cxb5 30. Rxb5 Bb7 31. Nd5 Bxd5 32. exd5 Rxd5 33. Rb8+ Kg7 34. Be3 Rd3 35. Rb7 h5 36. Kg2 g5 37. g4 hxg4 38. hxg4 Kg6 39. Rb5 e6 40. Kf3 Rd5 41. Rb4 Be5 42. Rc4 f5 43. gxf5+ Kxf5 44. Ra4 Rb5 45. Rc4 Rb3 46. Ke2 g4 47. Rc2 Ra3 48. Bc5 Ra4 49. Be3 Ke4 50. Bc5 Bf4 51. Rb2 Kf5 52. Rc2 e5 53. Bb6 Bg5 54. Bc5 Bf4 55. Bb6 Ra1 56. Bc5 Rh1 57. Rc4 Rb1 58. Rc2 Ke4 59. Rc4+ Kd5 60. Rc2 Rh1 61. Bb6 Rh2 62. Kf1 Ke4 63. Rc3 Rh1+ 64. Kg2 Rh2+ 65. Kg1 Rh6 66. Be3 Rh3 67. Rc4+ Kd3 68. Rxf4 exf4 69. Bxf4 Ke4 70. Be3 Kf3 71. Bd4 Rh5 72. Be3 g3 0-1

[Event "Regionalliga NW 9798"]
[Site "Bayern"]
[Date "1998.??.??"]
[Round "?.3"]
[White "Neubert, Marcus"]
[Black "Hutschenreuther, Udo"]
[Result "1-0"]
[WhiteElo "1965"]
[BlackElo "1960"]
[PlyCount "89"]
[EventDate "1997.10.??"]
[EventType "team-tourn"]
[EventRounds "9"]
[EventCountry "GER"]
[SourceTitle "EXT 2020"]
[Source "ChessBase"]
[SourceDate "2019.10.17"]
[SourceVersion "1"]
[SourceVersionDate "2019.10.17"]
[SourceQuality "1"]
[WhiteTeam "Schweinfurt Fr"]
[BlackTeam "Neustadt SV"]
[WhiteTeamCountry "GER"]
[BlackTeamCountry "GER"]

1. d4 Nf6 2. Nf3 d5 3. c4 c6 4. Nc3 g6 5. Bf4 Bg7 6. e3 Nh5 7. Be5 f6 8. Bxb8 Rxb8 9. cxd5 cxd5 10. Qa4+ Bd7 11. Bb5 f5 12. Nxd5 Bxb5 13. Qxb5+ Qd7 14. Qxd7+ Kxd7 15. Ke2 Rhc8 16. Rac1 e6 17. Nb4 Nf6 18. Nd3 Ke7 19. Rxc8 Rxc8 20. Rc1 Rxc1 21. Nxc1 Nd7 22. Nd3 b6 23. b3 Bf6 24. Kd2 g5 25. Kc3 g4 26. Nfe5 Bxe5 27. Nxe5 Nxe5 28. dxe5 Kd7 29. Kd4 Kc6 30. a3 h5 31. e4 f4 32. Kc4 h4 33. g3 hxg3 34. hxg3 f3 35. b4 a6 36. a4 Kc7 37. b5 axb5+ 38. axb5 Kd7 39. Kd4 Ke7 40. Ke3 Kf7 41. Kf4 Kg7 42. Kxg4 Kg6 43. Kxf3 Kh5 44. Kf4 Kh6 45. Kg4 1-0

[Event "Regionalliga NW 9798"]
[Site "Bayern"]
[Date "1997.??.??"]
[Round "?.3"]
[White "Assmann, Norbert"]
[Black "Neubert, Marcus"]
[Result "1/2-1/2"]
[WhiteElo "2045"]
[BlackElo "1965"]
[PlyCount "44"]
[EventDate "1997.10.??"]
[EventType "team-tourn"]
[EventRounds "9"]
[EventCountry "GER"]
[SourceTitle "EXT 2020"]
[Source "ChessBase"]
[SourceDate "2019.10.17"]
[SourceVersion "1"]
[SourceVersionDate "2019.10.17"]
[SourceQuality "1"]
[WhiteTeam "Sailauf"]
[BlackTeam "Schweinfurt Fr"]
[WhiteTeamCountry "GER"]
[BlackTeamCountry "GER"]

1. Nf3 d5 2. g3 c5 3. Bg2 Nc6 4. 0-0 e5 5. d3 Nf6 6. Nbd2 Be7 7. e4 d4 8. Nc4 Qc7 9. a4 Bg4 10. h3 Bh5 11. g4 Bg6 12. Nh4 h5 13. Nf5 hxg4 14. hxg4 0-0-0 15. f3 Bxf5 16. gxf5 Nh5 17. f4 Nxf4 18. Bxf4 exf4 19. Qg4 Bf6 20. Qxf4 Qxf4 21. Rxf4 Ne5 22. Nxe5 Bxe5 1/2-1/2

[Event "Regionalliga NW 9697"]
[Site "Bayern"]
[Date "1997.??.??"]
[Round "?"]
[White "Neubert, Marcus"]
[Black "Schindler, Viktor"]
[Result "0-1"]
[WhiteElo "2060"]
[BlackElo "2010"]
[PlyCount "48"]
[EventDate "1996.10.??"]
[EventType "team-tourn"]
[EventRounds "9"]
[EventCountry "GER"]
[SourceTitle "EXT 1999"]
[Source "ChessBase"]
[SourceDate "1998.11.16"]
[SourceVersion "1"]
[SourceVersionDate "1998.11.16"]
[SourceQuality "1"]
[WhiteTeam "Schweinfurt Fr"]
[BlackTeam "Hof SK II"]
[WhiteTeamCountry "GER"]
[BlackTeamCountry "GER"]

1. d4 Nf6 2. Nf3 e6 3. c4 c5 4. d5 exd5 5. cxd5 d6 6. Nc3 g6 7. Nd2 Bg7 8. e4 0-0 9. Be2 Re8 10. 0-0 Nbd7 11. a4 a6 12. Kh1 Rb8 13. a5 b5 14. axb6 Nxb6 15. f3 Nh5 16. g3 Qd7 17. f4 Nxg3+ 18. Kg1 Bd4+ 19. Rf2 Qh3 20. Qe1 Nxe2+ 21. Nxe2 Qg4+ 22. Kh1 Bxf2 23. Qxf2 Nxd5 24. Ra3 Nf6 0-1

[Event "Regionalliga NW 9596"]
[Site "Bayern"]
[Date "1996.??.??"]
[Round "?"]
[White "Neubert, Marcus"]
[Black "Bauer, Karlheinz"]
[Result "1-0"]
[WhiteElo "2020"]
[BlackElo "2000"]
[PlyCount "71"]
[EventDate "1995.10.??"]
[EventType "team-tourn"]
[EventRounds "9"]
[EventCountry "GER"]
[SourceTitle "EXT 1999"]
[Source "ChessBase"]
[SourceDate "1998.11.16"]
[SourceVersion "1"]
[SourceVersionDate "1998.11.16"]
[SourceQuality "1"]
[WhiteTeam "Schweinfurt Fr"]
[BlackTeam "GrBayr"]
[WhiteTeamCountry "GER"]
[BlackTeamCountry "GER"]

1. d4 Nf6 2. Nf3 g6 3. c4 Bg7 4. Nc3 0-0 5. e4 d6 6. Be2 e5 7. d5 a5 8. Bg5 Na6 9. Nd2 Nc5 10. 0-0 h6 11. Bh4 Bd7 12. b3 Qe8 13. a3 Nh7 14. b4 axb4 15. axb4 Rxa1 16. Qxa1 Na6 17. Qa5 Qc8 18. c5 Nb8 19. Nb5 Bxb5 20. Bxb5 g5 21. Bg3 Nd7 22. cxd6 c6 23. dxc6 bxc6 24. Rc1 Nb8 25. Bxc6 Nxc6 26. Qb6 Qe6 27. Qxc6 Qa2 28. Nc4 g4 29. d7 Ng5 30. Bxe5 Qe2 31. Bxg7 Kxg7 32. Nd6 Nh3+ 33. gxh3 gxh3 34. Nf5+ Kg8 35. Qd6 f6 36. Qxf8+ 1-0

[Event "Regionalliga NW 9596"]
[Site "Bayern"]
[Date "1996.??.??"]
[Round "?"]
[White "Neubert, Marcus"]
[Black "Graef, Steffen"]
[Result "0-1"]
[WhiteElo "2020"]
[BlackElo "2005"]
[PlyCount "100"]
[EventDate "1995.10.??"]
[EventType "team-tourn"]
[EventRounds "9"]
[EventCountry "GER"]
[SourceTitle "EXT 1999"]
[Source "ChessBase"]
[SourceDate "1998.11.16"]
[SourceVersion "1"]
[SourceVersionDate "1998.11.16"]
[SourceQuality "1"]
[WhiteTeam "Schweinfurt Fr"]
[BlackTeam "Wuerzburg II"]
[WhiteTeamCountry "GER"]
[BlackTeamCountry "GER"]

1. Nf3 Nf6 2. c4 g6 3. Nc3 Bg7 4. e4 d6 5. d4 0-0 6. h3 e5 7. d5 a5 8. Be3 Na6 9. a3 Bd7 10. b3 Nh5 11. Nd2 Nf4 12. g3 f5 13. Ndb1 Nh5 14. exf5 Bxf5 15. Nd2 Nf6 16. g4 Bd7 17. Nde4 Nxe4 18. Nxe4 h6 19. h4 Rf4 20. Bxf4 exf4 21. f3 Qe7 22. Kf2 Nc5 23. Nxc5 Qe3+ 24. Kg2 Bxa1 25. Nxd7 Bd4 26. Qc2 Kf7 27. h5 gxh5 28. Qh7+ Ke8 29. Qe4+ Qxe4 30. fxe4 hxg4 31. e5 Kxd7 32. e6+ Ke7 33. Rxh6 Rg8 34. Rh7+ Kf6 35. Bd3 f3+ 36. Kg3 Be5+ 37. Kf2 Bh2 38. Kf1 g3 39. Rf7+ Ke5 40. Rf5+ Kd4 41. Rf4+ Kxd3 42. Rxf3+ Ke4 43. Kg2 c6 44. dxc6 bxc6 45. b4 axb4 46. axb4 Re8 47. Rb3 Rxe6 48. b5 cxb5 49. cxb5 Re7 50. Rb1 Kd5 0-1

[Event "Regionalliga NW 9596"]
[Site "Bayern"]
[Date "1996.??.??"]
[Round "?"]
[White "Neubert, Marcus"]
[Black "Krauss, Josef"]
[Result "1/2-1/2"]
[WhiteElo "2020"]
[BlackElo "2090"]
[PlyCount "43"]
[EventDate "1995.10.??"]
[EventType "team-tourn"]
[EventRounds "9"]
[EventCountry "GER"]
[SourceTitle "EXT 1999"]
[Source "ChessBase"]
[SourceDate "1998.11.16"]
[SourceVersion "1"]
[SourceVersionDate "1998.11.16"]
[SourceQuality "1"]
[WhiteTeam "Schweinfurt Fr"]
[BlackTeam "Sand"]
[WhiteTeamCountry "GER"]
[BlackTeamCountry "GER"]

1. Nf3 Nf6 2. c4 g6 3. g3 Bg7 4. Bg2 0-0 5. 0-0 d6 6. d4 Nbd7 7. Nc3 c6 8. e4 e5 9. h3 Re8 10. d5 cxd5 11. cxd5 Nc5 12. Qe2 a5 13. Nd2 Bd7 14. Nc4 Qc7 15. Be3 b5 16. Nd2 Rab8 17. Rfc1 b4 18. Ncb1 Bb5 19. Qd1 a4 20. a3 b3 21. Nc3 Bd7 22. Nc4 1/2-1/2

[Event "Regionalliga NW 9495"]
[Site "Bayern"]
[Date "1994.??.??"]
[Round "?.2"]
[White "Lippert, Frank"]
[Black "Neubert, Marcus"]
[Result "1/2-1/2"]
[WhiteElo "2120"]
[BlackElo "2060"]
[PlyCount "63"]
[EventDate "1994.10.??"]
[EventType "team-tourn"]
[EventRounds "9"]
[EventCountry "GER"]
[SourceTitle "EXT 1999"]
[Source "ChessBase"]
[SourceDate "1998.11.16"]
[SourceVersion "1"]
[SourceVersionDate "1998.11.16"]
[SourceQuality "1"]
[WhiteTeam "Sailauf "]
[BlackTeam "Schweinfurt Fr"]
[WhiteTeamCountry "GER"]
[BlackTeamCountry "GER"]

1. d4 d5 2. c4 e6 3. Nf3 Nf6 4. Nc3 Nbd7 5. Bf4 dxc4 6. e3 Nd5 7. Bxc4 Nxf4 8. exf4 Nb6 9. Bd3 Nd5 10. g3 Be7 11. 0-0 c6 12. Qe2 0-0 13. Rfd1 Bf6 14. Ne5 g6 15. Ne4 Bg7 16. h4 h5 17. Rac1 Ne7 18. Nc5 Nd5 19. Be4 Nf6 20. Bb1 Qe8 21. a3 Nd5 22. Be4 Nf6 23. Bb1 Nd5 24. Be4 Nf6 25. Bf3 Qe7 26. b4 a6 27. a4 Rd8 28. b5 axb5 29. axb5 cxb5 30. Qxb5 Nd5 31. Nc4 Nc7 32. Qb2 1/2-1/2